| 000 | 00825nam a2200301Ii 4500 | ||
|---|---|---|---|
| 001 | 50874 | ||
| 005 | 20230411090005.0 | ||
| 008 | 001005s2000 mx 000 0 spa d | ||
| 035 | _a(OCoLC)ocm45127385 | ||
| 040 |
_aXRW _cXRW |
||
| 020 | _a970613431X | ||
| 020 | _a9789706134318 | ||
| 035 | _a(OCoLC)45127385 | ||
| 090 |
_aKGF4550 _b.C311 2000 |
||
| 049 | _aGRAL | ||
| 100 | 1 | _aCarrasco Iriarte, Hugo. | |
| 245 | 1 | 0 |
_aDerecho fiscal constitucional / _cHugo Carrasco Iriarte. |
| 250 | _a4a. ed. | ||
| 260 |
_aMéxico, D.F. : _bHarla, _c2000. |
||
| 300 |
_a690 p. ; _c23 cm. |
||
| 440 | 0 | _aTextos Jurídicos Universitarios | |
| 500 | _aIncluye índice. | ||
| 650 | 4 |
_aDerecho fiscal _zMéxico. |
|
| 651 | 4 |
_aMéxico _xDerecho constitucional. |
|
| 942 |
_2lcc _cbk |
||
| 946 | _aclperez | ||
| 994 |
_aC0 _bDRFGD |
||
| 999 |
_c110520 _d110520 |
||